000 00623nam a22002057a 4500
999 _c10716
_d10716
003 AR-CdUCM
008 190401b ||||| |||| 00| 0 spa d
040 _aMUNICIPALIDAD PROVINCIAL DEL CUSCO
_cBIBLIOTECA MUNICIPAL DEL CUSCO
082 _aES / 800 /
_bS29
100 _aScott, Walter
_911249
245 _aIvanhoe /
260 _aLima :
_bFondo editorial navarrete,
300 _a128 paginas ;
_c14 cm.
440 _aSerie descubrimiento literario.
_927685
505 _aContenido :Ivanhoe .
650 _aLiteratura peruana
_9169
650 _aLiteratura contemporánea
_9759
942 _2ddc
_cLIBROS
945 _arum